| 000 | 00384 a2200145 4500 | ||
|---|---|---|---|
| 001 | 169687 | ||
| 020 | _a | ||
| 040 | _cMagnum | ||
| 100 | _aAgencia Regional de Noticias | ||
| 240 | 1 | 0 |
_aClipping em educacao - 20/05/01 a 27/05/01 - ano ii - nº 88 _lpor |
| 245 | 1 | 0 | _aClipping em educacao - 20/05/01 a 27/05/01 - ano ii - nº 88 |
| 362 | 0 | _a1899 | |
| 697 | _aENSINO | ||
| 942 | _cBK | ||
| 999 |
_c169687 _d169687 |
||